Statistics for Name the Harlem Globetrotters by Number

Click here to take the quiz!

General Stats

  • This quiz has been taken 5 times
  • The average score is 12 of 29

Answer Stats

HintAnswer% Correct
31Hammer
100%
5Bulldog
67%
11Cheese
67%
37Hawk
67%
9Hot Shot
67%
32Jet
67%
16Scooter
67%
23Thunder
67%
18TNT
67%
7Too Tall
67%
10Torch
67%
40Wham
67%
27Airport
33%
57Bounce
33%
12Buckets
33%
55Crash
33%
48Dazzle
33%
58Hops
33%
49Jammin
33%
45Moose
33%
3Speedy
33%
41Sweet Lou II
33%
48Clutch
0%
59Crossover
0%
19Flop
0%
47Hot Rod
0%
25Primetime
0%
42Spidere
0%
30Zeus
0%

Score Distribution

Percentile by Number Answered

Percent of People with Each Score

Your Score History

You have not taken this quiz